Online
Catalog

Atlas of hernia repair / (Record no. 11214)

MARC details
000 -CABECERA
campo de control de longitud fija 00754cam a22002531 4500
001 - NÚMERO DE CONTROL
campo de control 000011514
005 - FECHA Y HORA DE LA ÚLTIMA TRANSACCIÓN
campo de control 20200929162458.0
008 - DATOS DE LONGITUD FIJA--INFORMACIÓN GENERAL
campo de control de longitud fija 761222s1966 moua 000 0 eng
010 ## - NÚMERO DE CONTROL DE LA BIBLIOTECA DEL CONGRESO
Número de control de LC 66023426
015 ## - NÚMERO DE BIBLIOGRAFÍA NACIONAL
Número de bibliografía nacional GB67-295
035 ## - NÚMERO DE CONTROL DEL SISTEMA
Número de control de sistema (OCoLC)2640527
040 ## - FUENTE DE LA CATALOGACIÓN
Centro catalogador/agencia de origen DO-SdBNP
Centro/agencia transcriptor CLolC
Centro/agencia modificador OCoLC
-- Uk
-- OCoLC
-- DLC
050 00 - SIGNATURA TOPOGRÁFICA DE LA BIBLIOTECA DEL CONGRESO
Número de clasificación RD621
Número de documento/Ítem .C3
060 ## - SIGNATURA TOPOGRÁFICA DE LA NATIONAL LIBRARY OF MEDICINE
Número de clasificación WI l7 C164a 1966
082 ## - NÚMERO DE LA CLASIFICACIÓN DECIMAL DEWEY
Número de clasificación 617.559
100 1# - ENTRADA PRINCIPAL--NOMBRE DE PERSONA
Nombre de persona Calman, Carl H.
Forma completa/desarrollada del nombre (Carl Hubert)
9 (RLIN) 27242
245 10 - MENCIÓN DE TÍTULO
Título Atlas of hernia repair /
Mención de responsabilidad, etc. [by] Carl H. Calman. Illustrated by Katherine Masterson.
260 ## - PUBLICACIÓN, DISTRIBUCIÓN, ETC.
Lugar de publicación, distribución, etc. St. Louis, :
Nombre del editor, distribuidor, etc. C.V. Mosby Co.,
Fecha de publicación, distribución, etc. 1966.
300 ## - DESCRIPCIÓN FÍSICA
Extensión 159 p. :
Otras características físicas illus. ;
Dimensiones 29 cm.
650 #0 - PUNTO DE ACCESO ADICIONAL DE MATERIA--TÉRMINO DE MATERIA
Término de materia o nombre geográfico como elemento de entrada Hernia.
9 (RLIN) 27243
740 0# - PUNTO DE ACCESO ADICIONAL--TÍTULO RELACIONADO O ANALÍTICO NO CONTROLADO
Título relacionado o analítico no controlado Hernia repair.
910 ## - DATOS DE OPCIÓN DEL USUARIO (OCLC)
Datos de opción del usuario Catalogación por copia / LC
910 ## - DATOS DE OPCIÓN DEL USUARIO (OCLC)
Datos de opción del usuario DC
Holdings
Estado de retiro Estado de pérdida Restricciones de uso No para préstamo Código de colección Localización permanente Ubicación/localización actual Ubicación en estantería Fecha de adquisición Número de inventario Total de préstamos Signatura topográfica completa Código de barras Fecha visto por última vez Precio válido a partir de Tipo de ítem Koha
    Préstamo interno   Monografías: Libros y Folletos General General En catalogación 19.10.2009 LF1   617.559 11514-10 25.06.2020 25.06.2020 Préstamo interno

Powered by Koha